000 00580nam a2200193Ia 4500
005 20250326144951.0
008 250326s9999 xx 000 0 und d
020 _a0-324-06772-0
037 _aTextbook
040 _aFMSL
_beng
_cFMSL
041 _aeng
_2eng
084 _aX8(A):8 P2
_qFMSL
100 _aPepall L
_9740574
245 0 _aIndustrial organization : Contemporary theory and practice
_cPepall L; Richards D J And Others
260 _aUSA
_bUSA, Thomson Learning
_c2002
300 _axviii,724
942 _cTB
_hX8(A):8 P2
999 _c1305841
_d1305841